000 00395 a2200169 4500
001 58901
020 _a8508019629
040 _cAnchieta - Pituba
100 _aCorrêa, Roberto Lobato
240 1 0 _aRegião e organização espacial
_lpor
245 1 0 _aRegião e organização espacial
300 _a93
362 0 _a1987
440 1 _aÁtica
650 4 _aGeografia e viagens
942 _cBK
999 _c58901
_d58901